| 000 | 00694nam a2200205 i 4500 | ||
|---|---|---|---|
| 001 | 145531 | ||
| 003 | ES-MaACL | ||
| 005 | 20250724074833.0 | ||
| 007 | t| | ||
| 008 | 071015s1919 fr |||| | fre d | ||
| 100 | 1 |
_aVessiot, E. _9114227 |
|
| 245 | 1 | 0 |
_aLeçons de géometrie supérieure _b: professées áa l'Université de Lyon et rédigées par M. Anzemberger / _cE. Vessiot,... ; avec une préface de M. G. Koenigs. |
| 250 | _aEdition revue et augmentée. | ||
| 260 |
_aParis : _bJ. Hermann, _c1919. |
||
| 300 |
_aV, 376 p. : _bil. ; _c25 cm. |
||
| 650 | 0 | 7 |
_aGeometría _2embne _913096 |
| 700 | 1 |
_aKoenigs, Gabriel. _968444 |
|
| 852 |
_aES-MaACL _jB-4511 |
||
| 999 |
_c145531 _d145531 |
||